Wonky Word Clicking - T - Statistics

General Stats
  • This quiz has been taken 248 times
  • The average score is 10 of 15
Answer Stats
Hint Answer % Correct
Teeter -totter
96%
Topsy -turvy
95%
Tom foolery
93%
Thing amajig
86%
Tchot chke
84%
Tee totaler
81%
Tumble down
79%
Tiddly wink
77%
Trum pery
64%
Tardi grade
56%
Twitter pated
46%
Tommy rot
44%
Thimble rig
32%
Tara diddle
27%
Tatter demalion
20%
No matching quizzes found
Score Distribution
Percent of People with Each Score
Percentile by Number Answered
Your Score History
You have not taken this quiz